MARC

LEADER 00000nam0a2200000 4500
001 113475
005 20231031121826.0
035 |a (RuTPU)RU\TPU\book\122730 
090 |a 113475 
100 |a 20070411d1996 k y0rusy50 ca 
101 0 |a rus 
102 |a RU 
105 |a a l 000yy 
200 1 |a Типовые инструкции по безопасности геофизических работ в процессе бурения скважин и разработки нефтяных и газовых месторождений  |h Кн. 3  |f Министерство топлива и энергетики РФ, ОАО "Нефтяная компания "Лукойл", Федеральный горный и промышленный надзор России; под ред. Ю. А. Дадонова 
210 |a Москва  |c ЛУКойл  |d 1996 
215 |a 155 с. 
610 1 |a инструкции 
610 1 |a безопасность 
610 1 |a геофизические работы 
610 1 |a нефтяные месторождения 
610 1 |a газовые месторождения 
610 1 |a бурение 
610 1 |a скважины 
610 1 |a каротаж 
610 1 |a взрывчатые вещества 
675 |a 622  |v 3 
702 1 |a Дадонов  |b Ю. А.  |4 340 
712 0 2 |a ОАО "Нефтяная компания "Лукойл"  |2 stltpush  |3 (RuTPU)RU\TPU\col\10424 
712 0 1 |a Российская Федерация  |b Федеральный горный и промышленный надзор России (Госгортехнадзор России)  |c (1992-2004)  |2 stltpush  |3 (RuTPU)RU\TPU\col\7022 
712 0 2 |a Российская Федерация  |b Министерство топлива и энергетики (Минтопэнерго)  |2 stltpush  |3 (RuTPU)RU\TPU\col\10424 
801 1 |a RU  |b 63413507  |c 20070411  |g PSBO 
801 2 |a RU  |b 63413507  |c 20081230  |g PSBO 
942 |c BK